Police Vehicles Around the World Quiz Stats

Quiz Updated Jul 14, 2016

Challenge
Share
Tweet
Score 0/22 Timer 05:00
1 Play Today
% Correct
United States
96.7%
China
96.2%
Japan
95.5%
Germany
90.2%
Spain
90.1%
Russia
89.6%
United Kingdom
87.7%
South Korea
85.3%
Canada
81.2%
Ireland
71.3%
Slovakia
70.9%
% Correct
France
67.3%
Italy
67.1%
Sweden
65.1%
Croatia
61.5%
Belgium
58.7%
Australia
57.1%
United Arab Emirates
52.9%
Ukraine
50.5%
Israel
47.9%
Taiwan
39.2%
Czechia
33.4%

You're not logged in!

Compare scores with friends on all Sporcle quizzes.
Sign Up with Email
OR
Log In

You Might Also Like...

Show Comments

Extras

Top Quizzes Today


Score Distribution

Your Account Isn't Verified!

In order to create a playlist on Sporcle, you need to verify the email address you used during registration. Go to your Sporcle Settings to finish the process.